000 01092nam a22003497a 4500
001 0010971
003 KOHA_MİRAKIL
005 20260207001801.0
007 ta
008 091120b1993 tu |||grd|||#0|||1|tur |
020 _c32,5
040 _aTR-BiSEU
_btur
_cTR-BiSEU
_erda
041 0 _atur
044 _ctu
050 _aPL193
_b.A4 1993
100 1 _aÖnen, Yaşar.
245 1 _aAlmanca - Türkçe Sözlük/
_cYaşar Önen ; Yaşar Önen, Cemil Ziya Şanbey; baskıya hazırlayan Vural Ülkü.
264 1 _aAnkara :
_bTürk Dil Kurumu
_c1993
300 _a2 c.
336 _ametin
_btxt
_2rdacontent
337 _aaracısız
_bn
_2rdamedia
338 _acilt
_bnc
_2rdacarrier
490 1 _aAtatürk Kültür, Dil ve Tarih Yüksek Kurumu.
490 1 _aTürk Dil Kurumu yayınları ;
_v546
500 _a1.c.: A-N, 2.c.: O-Z.
650 0 _aDictionaries.
_91709
650 0 _aSözlükler.
_91707
830 1 _aAtatürk Kültür, Dil ve Tarih Yüksek Kurumu.
_96683
830 1 _aTürk Dil Kurumu yayınları ;
_v546
_95565
907 _aSözlük
942 _2lcc
_cBK
999 _c10941
_d10941